[Event "19th IPCA WCC 2019"]
[Site "Ruzomberok"]
[Date "2019.07.04"]
[Round "7.14"]
[White "Zavarsky, Juraj"]
[Black "Pamarthi Audietya Aazadh"]
[Result "1-0"]
[WhiteElo "2000"]
[BlackElo "1346"]
[Annotator "NA"]
[PlyCount "147"]
[EventDate "2019.06.28"]
[EventType "swiss"]
[EventCountry "SVK"]
[SourceTitle "playchess.com"]
[Source "ChessBase"]
[SourceQuality "1"]
[TimeControl "5400+30"]

1. e4 {[%emt 0:00:00]} c5 {[%emt 0:00:00]} 2. Nf3 {[%emt 0:00:00]} d6 {[%emt 0:00:00]} 3. d4 {[%emt 0:00:00]} cxd4 {[%emt 0:00:00]} 4. Nxd4 {[%emt 0:00:00]} g6 {[%emt 0:00:00]} 5. Nc3 {[%emt 0:01:09]} Bg7 {[%emt 0:00:06]} 6. Be3 {[%emt 0:02:31]} Nf6 {[%emt 0:00:56]} 7. Bc4 {[%emt 0:00:19]} O-O {[%emt 0:00:49]} 8. f3 {[%emt 0:00:23]} Nc6 {[%emt 0:00:29]} 9. Qd2 {[%emt 0:00:45]} Bd7 {[%emt 0:00:18]} 10. O-O-O {[%emt 0:00:27]} Na5 {[%emt 0:00:11]} 11. Be2 {[%emt 0:07:13]} a6 {[%emt 0:02:29]} 12. Nb3 {[%emt 0:05:40]} Nxb3+ {[%emt 0:00:54]} 13. cxb3 {[%emt 0:01:53]} Rc8 {[%emt 0:00:23]} 14. Kb1 {[%emt 0:00:08]} b5 {[%emt 0:00:55]} 15. g4 {[%emt 0:06:37]} Rb8 {[%emt 0:00:36]} 16. h4 b4 {[%emt 0:03:19]} 17. Nd5 {[%emt 0:11:01]} Nxd5 {[%emt 0:01:04]} 18. exd5 {[%emt 0:01:35]} Bb5 {[%emt 0:00:39]} 19. h5 {[%emt 0:02:34]} Qd7 {[%emt 0:03:29]} 20. Bxb5 {[%emt 0:04:35]} Rxb5 {[%emt 0:00:20]} 21. Bh6 {[%emt 0:04:23]} f5 {[%emt 0:07:08]} 22. hxg6 {[%emt 0:09:07]} hxg6 {[%emt 0:00:26]} 23. Bxg7 {[%emt 0:00:26]} Kxg7 {[%emt 0:00:15]} 24. Qd4+ {[%emt 0:08:52]} Kf7 {[%emt 0:03:13]} 25. Rh7+ {[%emt 0:00:06]} Ke8 {[%emt 0:00:14]} 26. Rh8 {[%emt 0:00:16]} e5 {[%emt 0:00:59]} 27. dxe6 {[%emt 0:00:44]} Qxe6 {[%emt 0:00:18]} 28. Rxf8+ {[%emt 0:02:53]} Kxf8 {[%emt 0:00:14]} 29. Qxd6+ {[%emt 0:01:18]} Qxd6 {[%emt 0:01:44]} 30. Rxd6 {[%emt 0:00:02]} Kf7 {[%emt 0:00:36]} 31. Kc2 {[%emt 0:05:10]} fxg4 {[%emt 0:00:13]} 32. fxg4 {[%emt 0:00:10]} Rg5 {[%emt 0:00:23]} 33. Rd4 {[%emt 0:00:09]} a5 {[%emt 0:00:25]} 34. Kd3 {[%emt 0:00:17]} Ke6 {[%emt 0:00:38]} 35. Ke3 {[%emt 0:00:56]} Rc5 {[%emt 0:00:10]} 36. Rc4 {[%emt 0:00:17]} Rd5 {[%emt 0:00:22]} 37. Rc6+ {[%emt 0:01:32]} Kf7 {[%emt 0:00:50]} 38. Ra6 {[%emt 0:00:29]} Re5+ {[%emt 0:00:28]} 39. Kf4 {[%emt 0:00:17]} Rc5 {[%emt 0:00:08]} 40. Ke4 {[%emt 0:03:00]} Rg5 {[%emt 0:00:12]} 41. Ra7+ {[%emt 0:01:20]} Kf6 {[%emt 0:00:24]} 42. Kf4 {[%emt 0:00:31]} Rc5 {[%emt 0:00:02]} 43. g5+ {[%emt 0:00:48]} Ke6 {[%emt 0:00:10]} 44. Rg7 {[%emt 0:00:31]} Rf5+ {[%emt 0:00:44]} 45. Kg4 {[%emt 0:00:12]} Rf2 {[%emt 0:00:12]} 46. Rxg6+ {[%emt 0:00:05]} Ke5 {[%emt 0:00:29]} 47. Ra6 {[%emt 0:00:14]} Rxb2 {[%emt 0:00:45]} 48. Rxa5+ {[%emt 0:00:06]} Ke6 {[%emt 0:00:06]} 49. Kh5 {[%emt 0:00:35]} Kf7 {[%emt 0:00:03]} 50. Ra7+ {[%emt 0:00:16]} Ke6 {[%emt 0:00:05]} 51. Kh6 {[%emt 0:01:24]} Rh2+ 52. Kg7 {[%emt 0:00:18]} Rg2 {[%emt 0:01:13]} 53. g6 {[%emt 0:00:34]} Rg4 {[%emt 0:01:06]} 54. Ra4 {[%emt 0:02:31]} Rd4 {[%emt 0:00:33]} 55. Ra7 {[%emt 0:00:47]} Rg4 {[%emt 0:00:04]} 56. Rf7 {[%emt 0:00:14]} Rg2 {[%emt 0:00:18]} 57. Rf4 {[%emt 0:01:05]} Rxa2 {[%emt 0:00:39]} 58. Rxb4 {[%emt 0:00:05]} Ra7+ {[%emt 0:00:32]} 59. Kh6 {[%emt 0:00:08]} Ra2 {[%emt 0:00:30]} 60. Re4+ {[%emt 0:00:52]} Kf6 {[%emt 0:00:11]} 61. Rf4+ {[%emt 0:00:23]} Ke5 {[%emt 0:00:15]} 62. Rf3 {[%emt 0:00:35]} Ke6 {[%emt 0:00:15]} 63. Kh7 {[%emt 0:00:29]} Rh2+ {[%emt 0:00:16]} 64. Kg8 {[%emt 0:00:10]} Ke7 {[%emt 0:00:31]} 65. g7 {[%emt 0:01:21]} Rh4 {[%emt 0:01:11]} 66. Re3+ {[%emt 0:00:16]} Kd7 {[%emt 0:00:19]} 67. Kf7 {[%emt 0:00:26]} Rf4+ {[%emt 0:00:15]} 68. Kg6 {[%emt 0:00:17]} Rg4+ {[%emt 0:00:02]} 69. Kh7 {[%emt 0:01:13]} Rh4+ {[%emt 0:00:10]} 70. Kg8 {[%emt 0:00:04]} Kd8 {[%emt 0:02:23]} 71. Re5 {[%emt 0:00:22]} Kd7 {[%emt 0:00:29]} 72. Kf7 {[%emt 0:00:13]} Rf4+ {[%emt 0:00:28]} 73. Kg6 {[%emt 0:00:10]} Kd6 {[%emt 0:02:48]} 74. Rg5 {[%emt 0:00:12] Kd5} 1-0

[Event "19th IPCA WCC 2019"]
[Site "Ruzomberok"]
[Date "2019.07.04"]
[Round "7.15"]
[White "Matana, Zoran"]
[Black "Sovietova, Kateryna"]
[Result "1-0"]
[WhiteElo "1818"]
[BlackElo "1279"]
[Annotator "NA"]
[PlyCount "123"]
[EventDate "2019.06.28"]
[EventType "swiss"]
[EventCountry "SVK"]
[SourceTitle "playchess.com"]
[Source "ChessBase"]
[SourceQuality "1"]
[TimeControl "5400+30"]

1. d4 {[%emt 0:00:00]} Nf6 {[%emt 0:00:02]} 2. c4 {[%emt 0:00:00]} g6 {[%emt 0:00:12]} 3. Nc3 {[%emt 0:00:00]} Bg7 {[%emt 0:00:13]} 4. e4 {[%emt 0:00:24]} d6 {[%emt 0:01:34]} 5. Be2 {[%emt 0:01:24]} O-O {[%emt 0:00:21]} 6. Be3 {[%emt 0:00:46]} Nbd7 {[%emt 0:03:26]} 7. h3 {[%emt 0:01:02]} b6 {[%emt 0:01:35]} 8. Bf3 {[%emt 0:01:46]} Rb8 {[%emt 0:01:27]} 9. Nge2 {[%emt 0:01:33]} c5 {[%emt 0:08:05]} 10. Ng3 {[%emt 0:01:29]} cxd4 {[%emt 0:03:53]} 11. Bxd4 {[%emt 0:00:08]} Bb7 {[%emt 0:06:00]} 12. O-O {[%emt 0:00:26]} Bc6 {[%emt 0:03:16]} 13. a4 {[%emt 0:03:03]} a5 {[%emt 0:02:20]} 14. Re1 {[%emt 0:00:23]} Nc5 {[%emt 0:05:20]} 15. b3 {[%emt 0:01:44]} Re8 {[%emt 0:02:38]} 16. Rb1 {[%emt 0:00:40]} e5 {[%emt 0:08:32]} 17. Bxc5 {[%emt 0:06:30]} bxc5 {[%emt 0:00:42]} 18. Nb5 {[%emt 0:00:45]} Bxb5 {[%emt 0:00:56]} 19. axb5 {[%emt 0:00:09]} Qb6 {[%emt 0:05:46]} 20. Qd2 {[%emt 0:00:37]} Red8 {[%emt 0:04:46]} 21. Ra1 {[%emt 0:00:55]} Ra8 {[%emt 0:01:09]} 22. Ra4 {[%emt 0:00:19]} Ra7 {[%emt 0:02:19]} 23. Nf1 {[%emt 0:03:52]} Bf8 {[%emt 0:03:28]} 24. g3 {[%emt 0:03:02]} Bg7 {[%emt 0:03:39]} 25. Rea1 {[%emt 0:01:14]} Rda8 {[%emt 0:01:26]} 26. R1a2 {[%emt 0:02:39]} Nd7 {[%emt 0:01:59]} 27. Bg2 {[%emt 0:02:13]} Bf8 {[%emt 0:09:12]} 28. Qe1 {[%emt 0:04:43]} Bh6 {[%emt 0:01:58]} 29. Ne3 {[%emt 0:01:39]} Bxe3 {[%emt 0:00:33]} 30. Qxe3 {[%emt 0:00:03]} Nf8 {[%emt 0:01:13]} 31. f4 {[%emt 0:03:41]} Qd8 {[%emt 0:07:19]} 32. Rd2 {[%emt 0:04:47]} Qb6 {[%emt 0:01:10]} 33. f5 {[%emt 0:00:42]} Qd8 {[%emt 0:03:58]} 34. h4 {[%emt 0:01:03]} Kh8 {[%emt 0:01:58]} 35. Rf2 {[%emt 0:00:24]} Qd7 {[%emt 0:02:17]} 36. Bh3 {[%emt 0:04:04]} Qd8 {[%emt 0:00:21]} 37. Qd3 {[%emt 0:09:30]} Nd7 {[%emt 0:01:10]} 38. Rd2 {[%emt 0:05:02]} Nb6 {[%emt 0:00:38]} 39. Ra1 {[%emt 0:07:22]} Qf8 {[%emt 0:00:19]} 40. Qxd6 {[%emt 0:06:51]} Qxd6 {[%emt 0:00:17]} 41. Rxd6 {[%emt 0:02:13]} Rb8 {[%emt 0:00:53]} 42. Bf1 {[%emt 0:03:24]} Rd7 {[%emt 0:01:04]} 43. Rxd7 {[%emt 0:01:24]} Nxd7 {[%emt 0:00:07]} 44. Rxa5 {[%emt 0:00:55]} Kg7 {[%emt 0:00:58]} 45. Ra6 {[%emt 0:01:18]} Nf6 {[%emt 0:00:43]} 46. Bg2 {[%emt 0:01:34]} Ng4 {[%emt 0:00:44]} 47. Bf3 {[%emt 0:01:11]} Nf6 {[%emt 0:00:14]} 48. g4 {[%emt 0:00:23]} Rd8 {[%emt 0:00:36]} 49. g5 {[%emt 0:01:08]} Nd7 {[%emt 0:00:44]} 50. f6+ {[%emt 0:00:14]} Kf8 {[%emt 0:00:15]} 51. Rc6 {[%emt 0:03:03]} Ke8 {[%emt 0:00:22]} 52. Bg4 {[%emt 0:00:50]} Nb8 {[%emt 0:00:17]} 53. Rxc5 {[%emt 0:00:46]} Nd7 {[%emt 0:00:38]} 54. Bxd7+ {[%emt 0:00:50]} Rxd7 {[%emt 0:00:13]} 55. Rxe5+ {[%emt 0:00:25]} Kd8 {[%emt 0:00:26]} 56. Rd5 {[%emt 0:00:29]} Rxd5 {[%emt 0:00:07]} 57. exd5 {[%emt 0:00:16]} Kc7 {[%emt 0:01:01]} 58. c5 {[%emt 0:00:07]} Kd7 {[%emt 0:00:59]} 59. b6 {[%emt 0:00:10]} Kc8 {[%emt 0:00:16]} 60. c6 {[%emt 0:00:06]} Kd8 {[%emt 0:00:23]} 61. d6 {[%emt 0:00:10]} Kc8 {[%emt 0:00:12]} 62. b4 1-0

[Event "19th IPCA WCC 2019"]
[Site "Ruzomberok"]
[Date "2019.07.04"]
[Round "7.16"]
[White "Zicho, Anton"]
[Black "Pilimon, Zbigniew"]
[Result "1-0"]
[WhiteElo "1662"]
[BlackElo "1670"]
[Annotator "NA"]
[PlyCount "47"]
[EventDate "2019.06.28"]
[EventType "swiss"]
[EventCountry "SVK"]
[SourceTitle "playchess.com"]
[Source "ChessBase"]
[SourceQuality "1"]
[TimeControl "5400+30"]

1. e4 {[%emt 0:00:00]} c5 {[%emt 0:10:11]} 2. Nf3 {[%emt 0:00:23]} d6 {[%emt 0:00:11]} 3. c3 {[%emt 0:00:19]} Nf6 {[%emt 0:00:30]} 4. e5 {[%emt 0:02:39]} dxe5 {[%emt 0:00:31]} 5. Nxe5 {[%emt 0:00:34]} e6 {[%emt 0:00:16]} 6. Bb5+ {[%emt 0:06:47]} Bd7 {[%emt 0:02:43]} 7. Nxd7 {[%emt 0:08:35]} Nbxd7 {[%emt 0:00:15]} 8. O-O {[%emt 0:03:00]} Be7 {[%emt 0:00:17]} 9. d4 {[%emt 0:00:58]} cxd4 {[%emt 0:00:52]} 10. Qxd4 {[%emt 0:01:20]} O-O {[%emt 0:00:42]} 11. Be3 {[%emt 0:08:06]} Qc7 {[%emt 0:04:10]} 12. Nd2 {[%emt 0:04:00]} Rfd8 {[%emt 0:08:30]} 13. Rfd1 {[%emt 0:07:51]} Ne5 {[%emt 0:04:45]} 14. Qf4 {[%emt 0:06:36]} Bd6 {[%emt 0:00:34]} 15. Ne4 {[%emt 0:05:21]} Nxe4 {[%emt 0:14:14]} 16. Qxe4 {[%emt 0:01:34]} Ng6 {[%emt 0:09:53]} 17. g3 {[%emt 0:03:24]} h6 {[%emt 0:01:06]} 18. Ba4 {[%emt 0:06:55]} Rac8 {[%emt 0:03:47]} 19. Bb3 {[%emt 0:00:40]} b5 {[%emt 0:02:05]} 20. Bxe6 {[%emt 0:00:46]} fxe6 {[%emt 0:05:00]} 21. Qxg6 {[%emt 0:01:12]} Bc5 {[%emt 0:06:57]} 22. Qxe6+ {[%emt 0:05:58]} Kh8 {[%emt 0:00:36]} 23. Bf4 {[%emt 0:00:08]} Re8 {[%emt 0:01:21]} 24. Qxe8+ {[%emt 0:00:41] Ra8 Qe5} 1-0

[Event "19th IPCA WCC 2019"]
[Site "Ruzomberok"]
[Date "2019.07.04"]
[Round "7.17"]
[White "Kaydanovich, Marina"]
[Black "Frumin, Rebeka"]
[Result "1-0"]
[WhiteElo "1760"]
[BlackElo "1398"]
[Annotator "NA"]
[PlyCount "89"]
[EventDate "2019.06.28"]
[EventType "swiss"]
[EventCountry "SVK"]
[SourceTitle "playchess.com"]
[Source "ChessBase"]
[SourceQuality "1"]
[TimeControl "5400+30"]

1. Nf3 {[%emt 0:00:00]} Nf6 {[%emt 0:00:05]} 2. d4 {[%emt 0:00:00]} d5 {[%emt 0:01:05]} 3. c4 {[%emt 0:00:00]} e6 {[%emt 0:01:11]} 4. e3 {[%emt 0:00:00]} Be7 {[%emt 0:01:10]} 5. Bd3 {[%emt 0:00:00]} O-O {[%emt 0:01:35]} 6. Nbd2 {[%emt 0:00:19]} b6 {[%emt 0:02:28]} 7. O-O {[%emt 0:00:23]} Bb7 {[%emt 0:02:05]} 8. Qe2 {[%emt 0:00:05]} Ne4 {[%emt 0:02:14]} 9. Rd1 {[%emt 0:03:00]} Nd7 {[%emt 0:03:06]} 10. Nf1 {[%emt 0:00:33]} Ndf6 {[%emt 0:02:19]} 11. Ne5 {[%emt 0:00:30]} Bd6 {[%emt 0:01:21]} 12. f3 {[%emt 0:00:26]} Ng5 {[%emt 0:03:31]} 13. h4 {[%emt 0:00:21]} Nxf3+ {[%emt 0:00:52]} 14. Nxf3 {[%emt 0:00:04]} dxc4 {[%emt 0:01:42]} 15. Bxc4 {[%emt 0:00:04]} Be4 {[%emt 0:01:27]} 16. N1d2 {[%emt 0:01:52]} Bg6 {[%emt 0:01:21]} 17. e4 {[%emt 0:00:46]} Ng4 {[%emt 0:00:45]} 18. e5 {[%emt 0:00:36]} Be7 {[%emt 0:00:20]} 19. g3 {[%emt 0:02:45]} Bh5 {[%emt 0:02:15]} 20. Ne4 {[%emt 0:01:00]} Rb8 {[%emt 0:05:23]} 21. Bf4 {[%emt 0:02:21]} Qd7 {[%emt 0:02:03]} 22. Kg2 {[%emt 0:02:41]} f5 {[%emt 0:01:37]} 23. Nc3 {[%emt 0:01:40]} Kh8 {[%emt 0:02:16]} 24. d5 {[%emt 0:00:20]} Qc8 {[%emt 0:01:44]} 25. dxe6 {[%emt 0:00:18]} Bc5 {[%emt 0:00:15]} 26. a3 {[%emt 0:02:22]} a5 {[%emt 0:01:28]} 27. Rab1 {[%emt 0:01:26]} h6 {[%emt 0:01:37]} 28. b4 {[%emt 0:00:11]} Be7 {[%emt 0:00:57]} 29. Nd5 {[%emt 0:00:04]} Qe8 {[%emt 0:01:07]} 30. Nxc7 {[%emt 0:00:28]} Qc8 {[%emt 0:00:56]} 31. Nb5 {[%emt 0:00:53]} Qc6 {[%emt 0:02:30]} 32. Bd5 {[%emt 0:01:52]} Qc8 {[%emt 0:01:04]} 33. Rbc1 {[%emt 0:00:19]} Qe8 {[%emt 0:00:29]} 34. Bc6 {[%emt 0:00:10]} Qg6 {[%emt 0:00:42]} 35. Bd7 {[%emt 0:01:04]} axb4 {[%emt 0:00:23]} 36. axb4 {[%emt 0:01:26]} Bxb4 {[%emt 0:00:30]} 37. Nd6 {[%emt 0:00:29]} Bxd6 38. Rxd6 Qh7 {[%emt 0:06:40]} 39. e7 {[%emt 0:00:52]} Rg8 40. Qb5 Ra8 {[%emt 0:03:31]} 41. Qb1 {[%emt 0:02:42]} Rab8 {[%emt 0:01:23]} 42. Bxf5 {[%emt 0:00:07]} g6 {[%emt 0:00:55]} 43. Bxg4 {[%emt 0:00:48]} Bxg4 {[%emt 0:00:24]} 44. Rc7 {[%emt 0:01:31]} Rg7 {[%emt 0:01:20]} 45. Rd8+ {[%emt 0:01:26]} 1-0

[Event "19th IPCA WCC 2019"]
[Site "Ruzomberok"]
[Date "2019.07.04"]
[Round "7.18"]
[White "Felegyi, Karoly"]
[Black "Samarth J Rao"]
[Result "0-1"]
[WhiteElo "1674"]
[BlackElo "1593"]
[Annotator "NA"]
[PlyCount "66"]
[EventDate "2019.06.28"]
[EventType "swiss"]
[EventCountry "SVK"]
[SourceTitle "playchess.com"]
[Source "ChessBase"]
[SourceQuality "1"]
[TimeControl "5400+30"]

1. e4 {[%emt 0:00:00]} e5 {[%emt 0:00:00]} 2. Nf3 {[%emt 0:00:00]} Nc6 {[%emt 0:00:00]} 3. Bc4 {[%emt 0:00:02]} Bc5 {[%emt 0:00:00]} 4. d3 {[%emt 0:01:08]} h6 {[%emt 0:00:00]} 5. Nc3 {[%emt 0:00:18]} Nf6 {[%emt 0:00:00]} 6. O-O {[%emt 0:01:41]} O-O {[%emt 0:00:09]} 7. a3 {[%emt 0:05:45]} d6 {[%emt 0:00:09]} 8. b4 {[%emt 0:01:47]} Bb6 {[%emt 0:00:24]} 9. Be3 {[%emt 0:01:40]} Bg4 {[%emt 0:00:38]} 10. Qd2 {[%emt 0:02:22]} Bxf3 {[%emt 0:01:33]} 11. gxf3 {[%emt 0:00:01]} Nd4 12. Bxd4 {[%emt 0:03:03]} Bxd4 {[%emt 0:00:55]} 13. Rab1 {[%emt 0:00:07]} Bxc3 {[%emt 0:00:09]} 14. Qxc3 {[%emt 0:00:14]} Nh5 15. Qd2 {[%emt 0:00:53]} Qf6 {[%emt 0:01:51]} 16. Qe3 {[%emt 0:00:51]} Nf4 {[%emt 0:00:09]} 17. Kh1 {[%emt 0:00:14]} c6 {[%emt 0:00:29]} 18. Rg1 {[%emt 0:00:28]} d5 {[%emt 0:00:25]} 19. exd5 {[%emt 0:00:42]} cxd5 {[%emt 0:00:03]} 20. Bb3 a5 21. Rbe1 {[%emt 0:04:59]} Rfe8 {[%emt 0:01:18]} 22. Qd2 {[%emt 0:28:54]} a4 {[%emt 0:01:06]} 23. Ba2 {[%emt 0:00:06]} b5 {[%emt 0:00:19]} 24. Re3 {[%emt 0:06:41]} Rac8 {[%emt 0:00:39]} 25. Bb1 {[%emt 0:00:46]} d4 {[%emt 0:00:10]} 26. Re4 {[%emt 0:01:25]} Rc3 {[%emt 0:00:11]} 27. Rg4 {[%emt 0:03:45]} Qc6 {[%emt 0:03:19]} 28. Rgxf4 {[%emt 0:15:45]} exf4 {[%emt 0:00:58]} 29. Qxf4 {[%emt 0:00:13]} Rxe4 {[%emt 0:00:56]} 30. fxe4 {[%emt 0:00:24]} Rxa3 31. Kg2 {[%emt 0:06:00]} Ra1 {[%emt 0:00:38]} 32. c4 {[%emt 0:03:20]} Rxb1 {[%emt 0:00:05]} 33. Qb8+ {[%emt 0:04:44]} Kh7 {[%emt 0:00:30]} 0-1

[Event "19th IPCA WCC 2019"]
[Site "Ruzomberok"]
[Date "2019.07.04"]
[Round "7.19"]
[White "Konkolova, Nikola"]
[Black "Angappan A"]
[Result "0-1"]
[WhiteElo "1518"]
[BlackElo "1267"]
[Annotator "NA"]
[PlyCount "84"]
[EventDate "2019.06.28"]
[EventType "swiss"]
[EventCountry "SVK"]
[SourceTitle "playchess.com"]
[Source "ChessBase"]
[SourceQuality "1"]
[TimeControl "5400+30"]

1. e4 {[%emt 0:00:00]} e5 {[%emt 0:00:00]} 2. Nf3 {[%emt 0:00:00]} Nf6 {[%emt 0:00:00]} 3. Nc3 {[%emt 0:00:00]} Bb4 {[%emt 0:00:01]} 4. a3 {[%emt 0:00:39]} Bxc3 {[%emt 0:00:10]} 5. dxc3 {[%emt 0:00:14]} O-O {[%emt 0:00:18]} 6. Bd3 {[%emt 0:00:29]} h6 {[%emt 0:01:45]} 7. O-O {[%emt 0:01:09]} Nc6 {[%emt 0:01:57]} 8. h3 {[%emt 0:04:17]} d5 {[%emt 0:01:38]} 9. Re1 {[%emt 0:00:20]} dxe4 {[%emt 0:00:46]} 10. Be2 {[%emt 0:02:34]} exf3 {[%emt 0:01:11]} 11. Bxf3 {[%emt 0:00:09]} Qxd1 {[%emt 0:00:22]} 12. Rxd1 {[%emt 0:00:03]} Bf5 {[%emt 0:00:21]} 13. Bxc6 {[%emt 0:00:31]} bxc6 {[%emt 0:00:10]} 14. Re1 {[%emt 0:00:11]} Rfe8 {[%emt 0:00:26]} 15. Re2 {[%emt 0:00:12]} Rab8 {[%emt 0:00:24]} 16. b3 {[%emt 0:00:16]} Nd5 {[%emt 0:00:17]} 17. c4 {[%emt 0:00:23]} Nf4 {[%emt 0:01:17]} 18. Bxf4 {[%emt 0:00:53]} exf4 {[%emt 0:00:15]} 19. Rae1 {[%emt 0:00:14]} Rxe2 {[%emt 0:00:24]} 20. Rxe2 {[%emt 0:00:09]} Kf8 {[%emt 0:00:16]} 21. Kf1 {[%emt 0:00:44]} Rd8 {[%emt 0:00:11]} 22. Ke1 {[%emt 0:00:41]} Re8 {[%emt 0:00:07]} 23. Rxe8+ {[%emt 0:00:21]} Kxe8 {[%emt 0:00:07]} 24. Kd2 {[%emt 0:00:20]} Kd7 {[%emt 0:00:17]} 25. c3 {[%emt 0:00:30]} Kd6 {[%emt 0:00:10]} 26. b4 {[%emt 0:00:23]} c5 {[%emt 0:00:30]} 27. h4 {[%emt 0:01:36]} Be4 {[%emt 0:00:34]} 28. g3 {[%emt 0:00:25]} fxg3 29. fxg3 f5 {[%emt 0:01:43]} 30. Ke3 {[%emt 0:00:55]} g5 {[%emt 0:01:21]} 31. hxg5 {[%emt 0:00:43]} hxg5 {[%emt 0:00:16]} 32. g4 {[%emt 0:00:49]} Bb1 {[%emt 0:00:24]} 33. gxf5 {[%emt 0:00:54]} Bxf5 {[%emt 0:00:33]} 34. Kf3 {[%emt 0:02:44]} Ke5 {[%emt 0:01:40]} 35. bxc5 {[%emt 0:00:28]} Be6 {[%emt 0:00:30]} 36. Kg3 {[%emt 0:01:08]} Bxc4 {[%emt 0:00:16]} 37. Kg4 {[%emt 0:00:16]} Kd5 {[%emt 0:00:09]} 38. Kxg5 {[%emt 0:00:32]} Kxc5 {[%emt 0:00:07]} 39. Kf6 {[%emt 0:00:31]} Bb5 {[%emt 0:00:12]} 40. Ke7 {[%emt 0:00:28]} Kc4 {[%emt 0:00:14]} 41. Kd8 {[%emt 0:00:16]} c6 {[%emt 0:00:10]} 42. Kc7 {[%emt 0:00:23]} Kxc3 0-1

[Event "19th IPCA WCC 2019"]
[Site "Ruzomberok"]
[Date "2019.07.04"]
[Round "7.21"]
[White "Engel, Katalin"]
[Black "Korber, Antonin"]
[Result "1/2-1/2"]
[WhiteElo "1537"]
[BlackElo "1759"]
[Annotator "NA"]
[PlyCount "29"]
[EventDate "2019.06.28"]
[EventType "swiss"]
[EventCountry "SVK"]
[SourceTitle "playchess.com"]
[Source "ChessBase"]
[SourceQuality "1"]
[TimeControl "5400+30"]

1. d4 {[%emt 0:00:00]} e6 {[%emt 0:00:00]} 2. c4 {[%emt 0:00:00]} c5 {[%emt 0:00:00]} 3. Nc3 {[%emt 0:00:00]} cxd4 {[%emt 0:00:25]} 4. Qxd4 {[%emt 0:00:21]} Nc6 {[%emt 0:00:20]} 5. Qd1 {[%emt 0:00:28]} Bb4 {[%emt 0:01:58]} 6. Nf3 {[%emt 0:00:31]} Nge7 {[%emt 0:01:13]} 7. Bf4 {[%emt 0:03:34]} O-O {[%emt 0:01:40]} 8. e3 {[%emt 0:00:14]} Bxc3+ {[%emt 0:04:57]} 9. bxc3 {[%emt 0:00:17]} d5 {[%emt 0:00:29]} 10. c5 {[%emt 0:01:54]} Qa5 {[%emt 0:01:19]} 11. Qc2 {[%emt 0:03:24]} Qxc5 {[%emt 0:08:48]} 12. Bd3 {[%emt 0:00:21]} h6 {[%emt 0:02:17]} 13. O-O {[%emt 0:01:02]} Bd7 14. Ne5 Nxe5 15. Bxe5 1/2-1/2

[Event "19th IPCA WCC 2019"]
[Site "Ruzomberok"]
[Date "2019.07.04"]
[Round "7.22"]
[White "Kostova, Erika"]
[Black "Wollner, Bohus"]
[Result "1/2-1/2"]
[WhiteElo "1210"]
[BlackElo "1222"]
[Annotator "NA"]
[PlyCount "87"]
[EventDate "2019.06.28"]
[EventType "swiss"]
[EventCountry "SVK"]
[SourceTitle "playchess.com"]
[Source "ChessBase"]
[SourceQuality "1"]
[TimeControl "5400+30"]

1. d4 {[%emt 0:00:00]} d5 {[%emt 0:00:00]} 2. e3 {[%emt 0:00:08]} Nf6 {[%emt 0:00:23]} 3. Nf3 {[%emt 0:00:16]} Bg4 {[%emt 0:00:28]} 4. Nc3 {[%emt 0:00:41]} e6 {[%emt 0:00:24]} 5. Be2 {[%emt 0:00:16]} Bb4 {[%emt 0:03:08]} 6. Bd2 {[%emt 0:01:01]} O-O {[%emt 0:00:32]} 7. Ng1 {[%emt 0:00:16]} Bxe2 {[%emt 0:00:39]} 8. Ngxe2 {[%emt 0:00:17]} Bxc3 {[%emt 0:01:21]} 9. Nxc3 {[%emt 0:00:25]} Nc6 {[%emt 0:04:18]} 10. O-O {[%emt 0:00:39]} Re8 {[%emt 0:05:27]} 11. Re1 {[%emt 0:00:24]} a6 {[%emt 0:01:01]} 12. Ne2 {[%emt 0:01:18]} Ne4 {[%emt 0:04:19]} 13. Nf4 {[%emt 0:01:42]} Qf6 {[%emt 0:12:57]} 14. Nd3 {[%emt 0:05:04]} b6 {[%emt 0:04:14]} 15. f3 {[%emt 0:00:26]} Nxd2 {[%emt 0:01:44]} 16. Qxd2 {[%emt 0:00:21]} Rad8 {[%emt 0:00:26]} 17. c3 {[%emt 0:00:24]} Na5 {[%emt 0:00:46]} 18. b4 {[%emt 0:00:20]} Nb7 {[%emt 0:05:11]} 19. Ne5 {[%emt 0:00:31]} c5 {[%emt 0:01:55]} 20. Qd3 {[%emt 0:01:08]} b5 {[%emt 0:00:35]} 21. Qf1 {[%emt 0:01:22]} c4 {[%emt 0:00:25]} 22. g3 {[%emt 0:07:02]} Ra8 {[%emt 0:03:23]} 23. f4 {[%emt 0:00:30]} Nd6 {[%emt 0:00:30]} 24. Ng4 {[%emt 0:01:19]} Qd8 {[%emt 0:03:50]} 25. Nf2 {[%emt 0:01:37]} Ne4 {[%emt 0:00:40]} 26. Nxe4 {[%emt 0:02:35]} dxe4 {[%emt 0:00:26]} 27. Qe2 {[%emt 0:03:01]} f5 {[%emt 0:04:18]} 28. Red1 {[%emt 0:01:48]} Qe7 {[%emt 0:01:27]} 29. Qd2 {[%emt 0:01:29]} Red8 {[%emt 0:03:17]} 30. Qf2 {[%emt 0:03:20]} Rd5 {[%emt 0:04:42]} 31. Rd2 {[%emt 0:01:10]} g6 {[%emt 0:04:29]} 32. h3 {[%emt 0:01:03]} Kh8 {[%emt 0:01:56]} 33. Rb2 {[%emt 0:01:28]} a5 {[%emt 0:00:10]} 34. Qh2 {[%emt 0:00:32]} a4 {[%emt 0:00:22]} 35. a3 {[%emt 0:00:21]} Rg8 {[%emt 0:00:11]} 36. h4 {[%emt 0:00:20]} Rg7 {[%emt 0:00:20]} 37. Qh3 {[%emt 0:00:26]} h5 {[%emt 0:00:16]} 38. Rg2 {[%emt 0:00:30]} Rh7 {[%emt 0:01:06]} 39. Kf2 {[%emt 0:00:24]} Qf7 {[%emt 0:00:18]} 40. Ke2 {[%emt 0:00:20]} Kg8 {[%emt 0:00:05]} 41. Rh1 {[%emt 0:02:01]} Rh6 {[%emt 0:00:11]} 42. Rgh2 {[%emt 0:03:46]} Kg7 {[%emt 0:00:54]} 43. Qg2 {[%emt 0:00:26]} Kh7 {[%emt 0:01:35]} 44. Rh3 1/2-1/2